000 00549nam a22001817a 4500
999 _c189375
_d189375
005 20220627102900.0
010 _aENG-133385
020 _a9789381626313
_c395.00
035 _aEN-116917
037 _bDBAD/PUB
082 _a813.54
100 _aSlawenski, Kenneth
245 _aJ.D. Salinger:
_bA Life Raised High/
_cKenneth Slawenski
260 _aNew Delhi
_bTranquebar Press
_c2010
270 _a4322/3, Ansari Road, Daryaganj
_bNew Delhi
_e110002
300 _aix, 423p.
_bNotes
_c23cm(pbk)
942 _2ddc
_cEN
_h813.54
_mSLA